History Quiz

Random History or Artist Quiz
Score 0/16 Timer 05:00
1 Play Today
% Correct
Vincent van Gogh:
Starry Night
96.2%
Andy Warhol:
Campbell's Soup Cans
88.7%
Jackson Pollock:
Shimmering Substance
86.3%
Salvador Dalí:
The Persistence of Memory
83.4%
Claude Monet:
The Japanese Footbridge
79.9%
Gustav Klimt:
Hope II
72.8%
Jasper Johns:
Flag
71%
Henri Matisse:
The Dance (first version)
69.4%
% Correct
Paul Gauguin:
Te aa no areois
68.5%
Piet Mondrian:
Broadway Boogie Woogie
67%
Mark Rothko:
No. 3|No. 13
61.8%
Marc Chagall:
I and the Village
60.2%
Henri Rousseau:
La Bohémienne Endormie
55.9%
George Braque:
Man with a Guitar
55.8%
Giorgio de Chirico:
Love Song
52.5%
Paul Cézanne:
The Bather
51.1%
Remove Ads.
Support Sporcle.
Get the best of Sporcle when you Go Orange. This ad-free experience offers more features, more stats, and more fun while also helping to support Sporcle. Thank you for becoming a member.

You're not logged in!

Compare scores with friends on all Sporcle quizzes.
OR
Log In

Show Comments

Extras

Top Quizzes Today


Score Distribution

Your Account Isn't Verified!

In order to create a playlist on Sporcle, you need to verify the email address you used during registration. Go to your Sporcle Settings to finish the process.

Report this User

Report this user for behavior that violates our Community Guidelines.

Details: